[Event "Florianopolis op 9th"]
[Site "Florianopolis"]
[Date "2023.01.29"]
[Round "10"]
[White "Butzke, Lucas de Castro"]
[Black "Kawamoto, Victor Misao Buriti"]
[Result "1-0"]
[WhiteElo "1564"]
[BlackElo "1800"]
[PlyCount "29"]
[EventDate "2023.01.23"]
[EventType "swiss"]
[EventRounds "10"]
[EventCountry "BRA"]
[SourceTitle "CBM 212 Extra"]
[Source "ChessBase"]
[SourceDate "2023.03.31"]
[SourceVersion "1"]
[SourceVersionDate "2023.03.31"]
[SourceQuality "1"]

1. e4 c5 2. Nf3 e6 3. d4 cxd4 4. Nxd4 a6 5. Nc3 Qc7 6. a3 Nf6 7. Be3 b5 8. f3 Bb7 9. g4 Bd6 10. Qd2 Nc6 11. Ndxb5 axb5 12. Nxb5 Qb8 13. Qxd6 Ba6 14. Qxb8+ Rxb8 15. Nc7+ 1-0

[Event "Timbo op 2nd"]
[Site "Timbo"]
[Date "2022.02.19"]
[Round "5"]
[White "Cezar, Ricardo de Almeida"]
[Black "Butzke, Lucas de Castro"]
[Result "1/2-1/2"]
[WhiteElo "1735"]
[BlackElo "1381"]
[PlyCount "97"]
[EventDate "2022.02.17"]
[EventType "swiss"]
[EventRounds "7"]
[EventCountry "BRA"]
[SourceTitle "EXT 2023"]
[Source "ChessBase"]
[SourceDate "2022.10.05"]
[SourceVersion "1"]
[SourceVersionDate "2022.10.05"]
[SourceQuality "1"]

1. d4 Nf6 2. c4 c5 3. d5 e6 4. Nc3 exd5 5. cxd5 d6 6. e4 g6 7. Bd3 Bg7 8. h3 0-0 9. Nf3 Na6 10. 0-0 Nc7 11. Bf4 a6 12. a4 b6 13. Re1 Rb8 14. Bh2 b5 15. axb5 axb5 16. Qc2 Re8 17. Ra7 Ba6 18. Ra1 Rb6 19. e5 dxe5 20. Bxe5 Nfxd5 21. Nxd5 Nxd5 22. Bxg7 Kxg7 23. R1xa6 Rxa6 24. Rxa6 Kg8 25. Qxc5 Nf4 26. Qd6 Nxd3 27. Qxd8 Rxd8 28. Rb6 Rd5 29. b3 Nc1 30. b4 Na2 31. g3 Nxb4 32. h4 h6 33. h5 Kg7 34. hxg6 fxg6 35. Kg2 Nd3 36. Nh2 Rf5 37. f4 Rc5 38. Rb7+ Kf8 39. Ng4 g5 40. Nf6 Rc2+ 41. Kf3 b4 42. Nh7+ Ke8 43. Nf6+ Kf8 44. Kg4 gxf4 45. gxf4 Rc4 46. Nd7+ Ke8 47. Nf6+ Kf8 48. Nd7+ Ke8 49. Nf6+ 1/2-1/2

[Event "Florianopolis op 4th"]
[Site "Florianopolis"]
[Date "2018.01.21"]
[Round "4"]
[White "Da Silva, Hermes Ludovino"]
[Black "Butzke, Lucas de Castro"]
[Result "0-1"]
[WhiteElo "1419"]
[BlackElo "1800"]
[PlyCount "80"]
[EventDate "2018.01.19"]
[EventType "swiss"]
[EventRounds "10"]
[EventCountry "BRA"]
[SourceTitle "EXT 2019"]
[Source "ChessBase"]
[SourceDate "2018.10.10"]
[SourceVersion "1"]
[SourceVersionDate "2018.10.10"]
[SourceQuality "1"]

1. d4 d5 2. e3 Nf6 3. c4 c6 4. Nc3 Bf5 5. Nf3 e6 6. Be2 Bd6 7. 0-0 0-0 8. h3 Nbd7 9. Re1 Re8 10. a3 a5 11. cxd5 exd5 12. Bd3 Bxd3 13. Qxd3 Ne4 14. Qc2 f5 15. Bd2 Qf6 16. Re2 Nb6 17. b3 Re6 18. a4 Qh6 19. Nh2 Rg6 20. Kh1 Bg3 21. Nxe4 Bxh2 22. Kxh2 fxe4 23. f3 exf3 24. Rf2 Rxg2+ 25. Rxg2 fxg2 26. Kxg2 Nd7 27. Rf1 Nf6 28. e4 Qg6+ 29. Kh2 Nxe4 30. Rg1 Qd6+ 31. Kh1 Ng3+ 32. Kg2 Ne2 33. Re1 Nxd4 34. Qd3 Ne6 35. Rf1 Nc5 36. Qe3 d4 37. Qf3 Rf8 38. Bf4 Qg6+ 39. Kh2 Qc2+ 40. Rf2 Qxb3 0-1